A Textbook of company law
Na minha lista:
| Autor principal: | |
|---|---|
| Formato: | Livro |
| Publicado em: |
New Delhi:
S.Chand & Company Ltd,
c1998.
|
| Assuntos: | |
| Tags: |
Adicionar Tag
Sem tags, seja o primeiro a adicionar uma tag!
|
MARC
| LEADER | 00000nam a22000007a 4500 | ||
|---|---|---|---|
| 005 | 20260415104648.0 | ||
| 020 | |a 8121920086 |c TZS 125050/= | ||
| 040 | |a MCCL |b eng. |e AACR 2nd rev. ed. | ||
| 082 | |a 346.066 GOG | ||
| 100 | |a GOGNA,P.P.S | ||
| 245 | |a A Textbook of company law |c / P.P.S Gogna | ||
| 260 | |a New Delhi: |b S.Chand & Company Ltd, |c c1998. | ||
| 300 | |a viii,595p.: |b ill.; |c 24cm | ||
| 504 | |a Includes Bibliographical references and index | ||
| 650 | |a Company law | ||
| 650 | |a Meeting and Resolutions | ||
| 700 | |a GOGNA,P.P.S | ||
| 942 | |c BK | ||
| 999 | |c 12578 |d 12578 | ||